Trouve la ville selon le surnom de l'équipe - Statistiques

Statistiques générales
  • Ce quiz a été pris 74 fois
  • Le résultat moyen est 14 sur 18
Statistiques - réponses
Hint Réponse % Correct
Les Gones Lyon
99%
Les Verts Saint-Etienne
99%
Les Sangs et Or Lens
97%
Les Dogues Lille
97%
Les Phocéens Marseille
97%
Les Canaris Nantes
96%
Les Aiglons Nice
93%
Les Merlus Lorient
86%
Les Rouge et Noir Rennes
83%
Les Scoïstes Angers
78%
Les Grenats Metz
78%
Les Ti Zefs Brest
67%
Les Ciel et Marine Le Havre
67%
Les Ajaïstes Auxerre
65%
Les Pitchouns Toulouse
65%
Les Rouge et Blanc Monaco
61%
Les Lionceaux Sochaux
59%
Les Sangliers Sedan
48%
Aucun quiz correspondant
Distribution des résultats
% des personnes avec chaque résultat
Percentile par nombre de réponses
Votre historique - résultats
Vous n’avez pas pris ce quiz